[Event "SC for rating <1400"]
[Site "SchemingMind.com"]
[Date "2006.06.15"]
[Round "-"]
[White "iain"]
[Black "Tahur"]
[Result "0-1"]
[WhiteCountry "USA"]
[BlackCountry "ARG"]
[WhiteElo "1376"]
[WhiteRD "56"]
[BlackElo "1383"]
[BlackRD "81"]
[GameID "55440"]

1. e4 e5 2. Nf3 Nc6 3. Nc3 d6 4. g3 Bg4 5. Be2 Nf6 6. O-O d5 7. d3 dxe4 8. Nxe4 Bh3 9. Re1 Nxe4 10. dxe4 Qxd1
11. Rxd1 Bc5 12. Ng5 Bd7 13. a3 Nd4 14. Bd3 Bg4 15. Re1 h6 16. b4 hxg5 17. Bxg5 Nf3+ 18. Kf1 Nxe1 19. Rxe1 Bd4 20. Kg2 f6
21. Be3 Bxe3 22. Rxe3 O-O-O 23. h4 g5 24. f3 Bh5 25. Kh3 gxh4 26. gxh4 Rhg8 27. Bc4 Rg7 28. Be6+ Kb8 29. Bg4 Bxg4+ 30. fxg4 Rd2
31. c4 Rd1 32. c5 Rg1 33. Rg3 Rxg3+ 34. Kxg3 Rd7 35. g5 Rd3+ 36. Kg4 fxg5 37. hxg5 Rxa3 38. Kf5 Rg3 39. g6 b6 40. cxb6 cxb6
41. b5 Rf3+ 42. Kxe5 a5 43. bxa6 b5 44. Kd4 Rg3 45. Kc5 Rg5+ 46. Kb4 Kc7 47. g7 Kb6 48. e5 Rg4+ 49. Kc3 Rxg7 50. e6 Kxa6
51. Kb4 Re7
0-1

[Event "SC for rating <1400"]
[Site "SchemingMind.com"]
[Date "2006.06.15"]
[Round "-"]
[White "knightrider"]
[Black "Tahur"]
[Result "0-1"]
[WhiteCountry "USA"]
[BlackCountry "ARG"]
[WhiteElo "1374"]
[WhiteRD "61"]
[BlackElo "1309"]
[BlackRD "113"]
[GameID "55441"]

1. e4 e5 2. Nf3 Nc6 3. Nc3 Nf6 4. Bb5 a6 5. Bxc6 dxc6 6. Nxe5 Bc5 7. Nf3 Bg4 8. O-O O-O 9. h3 Bxf3 10. Qxf3 Re8
11. d3 h6 12. Be3 Bxe3 13. Qxe3 g5 14. e5 Nd5 15. Qc5 Rxe5 16. Qxc6 bxc6 17. d4 Re6 18. g3 Qf6 19. Kg2 Qxd4 20. Rad1 Qb4
21. Rb1 Nxc3 22. bxc3 Qxc3
0-1

[Event "SC for rating <1400"]
[Site "SchemingMind.com"]
[Date "2006.06.15"]
[Round "-"]
[White "mart_r3000"]
[Black "Tahur"]
[Result "0-1"]
[WhiteCountry "ENG"]
[BlackCountry "ARG"]
[WhiteElo "1246"]
[WhiteRD "56"]
[BlackElo "1383"]
[BlackRD "81"]
[GameID "55442"]

1. e4 e5 2. Nf3 Nc6 3. c3 Nf6 4. Bc4 Bc5 5. d4 exd4 6. cxd4 Bb4+ 7. Nbd2 Bxd2+ 8. Bxd2 Nxe4 9. Qe2 Qe7 10. O-O O-O
11. Rae1 Nxd2 12. Qxd2 Qf6 13. Re4 d6 14. d5 Bf5 15. Rf4 g5 16. Rxf5 Qxf5 17. dxc6 bxc6 18. Nd4 Qf4 19. Qc2 Qxd4 20. Bd3 f5
21. Qd2 Rab8 22. b3 g4 23. Qg5+ Qg7 24. Qe3 c5 25. Re1 Rbe8 26. Bc4+ Kh8 27. Qd2 Rxe1+ 28. Qxe1 Qb2 29. g3 Qxa2 30. Qe7 Qa1+
31. Kg2 Qg7 32. Qe3 Qf6 33. f3 Qb2+ 34. Kg1 Qd4 35. Qxd4+ cxd4 36. Be2 Re8 37. Bd3 Re1+ 38. Kf2 Re3 39. Bxf5 Rxf3+ 40. Kg2 Rxf5
0-1